| 000 | 00461nam a2200181Ia 4500 | ||
|---|---|---|---|
| 001 | 16632 | ||
| 005 | 20260306170324.0 | ||
| 008 | 260306t2025||||xx |||||||||||||| ||und|| | ||
| 041 | _aESP | ||
| 082 |
_a348.8 _bT869 |
||
| 100 |
_aToyama Miyagusuku, Jorge, _eAUT |
||
| 245 | 0 |
_aNueva ley procesal del trabajo : _banálisis y comentarios |
|
| 260 | _c2025 | ||
| 300 |
_a415 páginas : _c25 cm. |
||
| 650 | _aGEN | ||
| 654 | _aCDE | ||
| 942 |
_cLIB _dJUS _fJUS _2ddc _n |
||
| 999 |
_c16632 _d16632 |
||